| 000 | 00619nam a2200193Ia 4500 | ||
|---|---|---|---|
| 003 | OSt | ||
| 005 | 20240601103122.0 | ||
| 008 | 210210b2014 xxu||||| |||| 00| 0 eng d | ||
| 040 | _cAL | ||
| 041 | _aKannada | ||
| 082 | _a934.02K SHAA | ||
| 100 |
_aSHANKARAPPA TORANAGALLU (N) _dಶಂಕರಪ್ಪ ತೋರಣಗಲ್ಲು (ಎನ್) _9168924 |
||
| 245 |
_aAryarigagi hudukata: horage olage _bಆರ್ಯರಿಗಾಗಿ ಹುಡುಕಾಟ (ಹೊರಗೆ-ಒಳಗೆ)| |
||
| 260 |
_aBengaluru _b- _c2014 |
||
| 300 | _a632 | ||
| 690 |
_aAncient History _9168925 |
||
| 906 | _a073077 | ||
| 942 |
_2ddc _cBK |
||
| 999 |
_c122847 _d122847 |
||